[Event "ROM-ch Amateurs"]
[Site "Sebes"]
[Date "2023.02.21"]
[Round "1"]
[White "Cordea, David"]
[Black "Tintea, Bogdan Alexandru"]
[Result "1-0"]
[WhiteElo "2049"]
[BlackElo "1335"]
[PlyCount "63"]
[EventDate "2023.02.21"]
[EventType "swiss"]
[EventRounds "9"]
[EventCountry "ROU"]
[SourceTitle "CBM 213 Extra"]
[Source "ChessBase"]
[SourceDate "2023.05.31"]
[SourceVersion "1"]
[SourceVersionDate "2023.05.31"]
[SourceQuality "1"]

1. g3 Nf6 2. Bg2 g6 3. e4 d6 4. d4 Bg7 5. Ne2 0-0 6. 0-0 e5 7. c4 Ne8 8. dxe5 Bxe5 9. Nbc3 f5 10. Bh6 Bg7 11. Bxg7 Kxg7 12. exf5 Rxf5 13. Qd4+ Qf6 14. Nd5 Qxd4 15. Nxd4 Rf8 16. Rfe1 c6 17. Rxe8 cxd5 18. Rxf8 Kxf8 19. Bxd5 Na6 20. Nb5 Ke7 21. Re1+ Kd7 22. Re6 Nb4 23. Nxd6 Nxd5 24. cxd5 a5 25. f4 Ra6 26. Nxc8 Rxe6 27. dxe6+ Kxc8 28. g4 Kd8 29. f5 Ke7 30. Kf2 h5 31. gxh5 gxf5 32. h6 1-0